| 000 | 00813 a2200205 4500 | ||
|---|---|---|---|
| 008 | 080822t xxu||||| |||| 00| 0 eng d | ||
| 010 | _aENG-85120 | ||
| 020 |
_a81886899889 _c395.00 |
||
| 035 | _aEN-68653 | ||
| 037 | _bD.B.Act / Pub | ||
| 082 | _a530.15 | ||
| 100 | _aLianshou, Liu | ||
| 245 |
_aExercise in mathematical physics _bby Liu, Lianshou and Wang Zhengqing |
||
| 260 |
_aNew Delhi _bOverseas Press India _c2007 |
||
| 270 |
_a7/28, Ansari Road, Darya Ganj _bNew Delhi _e110 002 _moverseas@de13.vsnl.nic.in |
||
| 300 |
_a320p. _b22cm. (Pbk) |
||
| 700 | _aZhengqing, Wang | ||
| 942 |
_adpl _cEN _k530.15 / LIA _2ddc _h530.15 _mLIA |
||
| 999 |
_c1402 _d1402 |
||